Law of transfer of property : (Record no. 136551)
[ view plain ]
| 000 -LEADER | |
|---|---|
| fixed length control field | 00930nam a2200217 4500 |
| 010 ## - LIBRARY OF CONGRESS CONTROL NUMBER | |
| LC control number | A-524162 |
| 035 ## - SYSTEM CONTROL NUMBER | |
| System control number | A-524162 |
| 037 ## - SOURCE OF ACQUISITION | |
| Source of stock number/acquisition | Cen Lib / Ret |
| 040 ## - CATALOGING SOURCE | |
| Original cataloging agency | DPL |
| Language of cataloging | EN |
| 082 ## - DEWEY DECIMAL CLASSIFICATION NUMBER | |
| Classification number | 346.0436 |
| Item number | GUP |
| 100 ## - MAIN ENTRY--PERSONAL NAME | |
| Personal name | Gupta, Chheda Lal |
| 245 ## - TITLE STATEMENT | |
| Title | Law of transfer of property : |
| Remainder of title | an exhaustive and illuminating commentary on the Transfer of Property Act, 1882, alongwith state amendments and model forms of sale-deeds, mortgage-deeds, leases, and gifts, etc / |
| Statement of responsibility, etc | by Chheda Lal Gupta |
| 260 ## - PUBLICATION, DISTRIBUTION, ETC. (IMPRINT) | |
| Place of publication, distribution, etc | Allahabad |
| Name of publisher, distributor, etc | Modern Law Publications |
| Date of publication, distribution, etc | 1990 |
| 270 ## - ADDRESS | |
| Address | S. hastings Road Near High Court |
| City | Allahabad |
| 300 ## - PHYSICAL DESCRIPTION | |
| Extent | 2 v. (v 1. cxc, 1792p ; v 2. 785-1648p) |
| Other physical details | 24Cm(Hb) |
| 505 ## - FORMATTED CONTENTS NOTE | |
| Formatted contents note | 2 v. ; v 1. Sections 1 to 59A 1990 (July) |
| 650 ## - SUBJECT ADDED ENTRY--TOPICAL TERM | |
| Topical term or geographic name as entry element | India. -- Transfer of Property Act, 1882. |
| 650 ## - SUBJECT ADDED ENTRY--TOPICAL TERM | |
| Topical term or geographic name as entry element | Transfer (Law) -- India. |
| 650 ## - SUBJECT ADDED ENTRY--TOPICAL TERM | |
| Topical term or geographic name as entry element | Transfer of Property Act, 1882 (India) |
| 942 ## - ADDED ENTRY ELEMENTS (KOHA) | |
| Source of classification or shelving scheme | Dewey Decimal Classification |
| Koha item type | English Books |
| Classification part | 346.0436 |
| Call number suffix | GUP |
| Withdrawn status | Lost status | Source of classification or shelving scheme | Materials specified (bound volume or other part) | Damaged status | Not for loan | Collection code | Home library | Current library | Date acquired | Source of acquisition | Total Checkouts | Full call number | Barcode | Date last seen | Price effective from | Koha item type |
|---|---|---|---|---|---|---|---|---|---|---|---|---|---|---|---|---|
| Dewey Decimal Classification | v 1 | Not For Loan | Reference | Central Library | Central Library | 04/03/2016 | Cen Lib/Ret | 346.0436 GUP | A-524162 | 04/03/2016 | 04/03/2016 | English Books | ||||
| Dewey Decimal Classification | v 2 | Not For Loan | Reference | Central Library | Central Library | 04/03/2016 | Cen Lib/Ret | 346.0436 GUP | A-524164 | 04/03/2016 | 04/03/2016 | English Books |
